W cieniu obcych agentur

Titel: W cieniu obcych agentur : obóz narodowy w walce o niepodległość Polski na przełomie XIX i XX wieku / Tomasz Ciołkowski
Teil: Tom 1. Czas zaborów / Tomasz Ciołkowski
Verfasser:
Veröffentlicht: Warszawa : Wydawnictwo Historyczne Tomasz Ciołkowski, 2025
Umfang: 351, [1] Seiten : Illustrationen ; 24 cm.
Format: Buch
Sprache: Polnisch
Schriftenreihe/
mehrbändiges Werk:
W cieniu obcych agentur / Tomasz Ciołkowski ; Tom 1
alle Bände anzeigen
Schlagworte:
ISBN: 9788395300769 ; 839530076X
Buchumschlag
X
alg: 54282010
001A    $03004:11-03-26 
001B    $03025:16-03-26 $t09:26:48.000 
001D    $03004:11-03-26 
001U    $0utf8 
001X    $00 
002@    $0Afu 
002C    $aText $btxt $2rdacontent 
002D    $aohne Hilfsmittel zu benutzen $bn $2rdamedia 
002E    $aBand $bnc $2rdacarrier 
003@    $0542820102 
004A    $A978-83-953007-6-9 $f((oprawa miękka)) 
004A    $083-953007-6-X 
006C    $01543186170 $aOCoLC 
007A    $0542820102 $aHEB 
010@    $apol 
011@    $a2025 
021A    $aCzas zaborów $hTomasz Ciołkowski 
028A    $BVerfasser $4aut $8Ciołkowski, Tomasz [Tnu] $9448630729 
033A    $pWarszawa $nWydawnictwo Historyczne Tomasz Ciołkowski 
034D    $a351, [1] Seiten 
034I    $a24 cm. 
034M    $aIllustrationen 
036C    $aW cieniu obcych agentur $dobóz narodowy w walce o niepodległość Polski na przełomie XIX i XX wieku $x11 $hTomasz Ciołkowski $lTom 1 
036D    $x11 $8W cieniu obcych agentur : obóz narodowy w walce o niepodległość Polski na przełomie XIX i XX wieku / Tomasz Ciołkowski $9541759736 
037A    $aQuellen- und Literaturverzeichnis Seite 347-[352] 
044A    $aOpracowanie $2dbn $S#7 $N655 
045F    $a909 $eDDC23BSB 
045F/01 $a909 
045F/03 $f09034 
045F/03 $f09041 
045F/03 $g438 
045R    $aGeschichte 1890-1914 

lok: 54282010 24

exp: 54282010 24 1 #EPN
201B/01 $011-03-26 $t10:20:37.000 
201C/01 $011-03-26 
201U/01 $0utf8 
203@/01 $01337391875 
208@/01 $a11-03-26 $bz 
209A/01 $a26.00555 $du $f050 $h26 00555 $x00 
209C/01 $a26.00555 K $h26 00555 K 
209G/01 $a75176104 $x00 
220C/01 $ahae 
247C/01 $8358050-7 Marburg, Bibliothek des Herder-Instituts Marburg $9102600961 

lok: 54282010 78

exp: 54282010 78 1 #EPN
201B/01 $016-03-26 $t09:26:48.000 
201C/01 $016-03-26 
201U/01 $0utf8 
203@/01 $0133756740X 
208@/01 $a16-03-26 $be 
209A/01 $a/ $f000 $x00 
209A/01 $ab*p $x01 
220C/01 $apgar 
244Z/01 $#Generalgouvernement Polen $#Polska $#Rzeczpospolita Polska $#Polska Rzeczpospolita Ludowa $#Poland $#Pologne $#République Polonaise $#Generalne Gubernatorstwo w Polsce $#Polish People's Republic $#Polska Rzeczpospolita Polen $#PRL $#RP $#Polen Generalgouvernement $#Polska Generalgouvernement $#Besetzte Polnische Gebiete $#Besetztes Gebiet in Polen $#Okupowane Polskie Obszary $#Obszary Okupowane w Polsce $#Volksrepublik Polen $#Polska Rosyjska $#Republic Polen $#Respublika Pol'ša $#Pol'skaja Narodnaja Respublika $#République de Pologne $#Polen Links der Weichsel $#Polska po Lewej Stronie Wisły $#Lenkija $#Polija $#Gubernija Carstva Pol'skago $#Republik Polen $74046496-9 $8--Tg1--Polen $x01 $9085129801 
247C/01 $82080>Marburg/Lahn, Herder-Institut, Forschungsbibliothek, Bibliographieportal $9336309341
LEADER 00000cam a2200000 cc4500
001 542820102
003 DE-603
005 20260316092648.0
007 tu
008 260311s2025 xx |||| | u00||u|pol c
020 |a 9788395300769  |c ((oprawa miękka)) 
020 |a 839530076X 
035 |a (DE-599)HEB542820102 
040 |a DE-603  |b ger  |c DE-603  |d DE-603 
041 |a pol 
082 0 4 |8 1\u  |a 909  |q DE-101  |2 23/BSB 
085 |8 1\u  |b 909 
085 |8 1\u  |z 1  |s 09034 
085 |8 1\u  |z 1  |s 09041 
085 |8 1\u  |z 2  |s 438 
100 1 |a Ciołkowski, Tomasz  |e Verfasser  |4 aut  |0 (DE-603)448630729 
245 0 0 |a W cieniu obcych agentur  |b obóz narodowy w walce o niepodległość Polski na przełomie XIX i XX wieku  |n Tom 1  |p Czas zaborów / Tomasz Ciołkowski  |c Tomasz Ciołkowski 
264 1 |a Warszawa  |b Wydawnictwo Historyczne Tomasz Ciołkowski  |c 2025 
300 |a 351, [1] Seiten  |b Illustrationen  |c 24 cm. 
336 |a Text  |b txt  |2 rdacontent 
337 |a ohne Hilfsmittel zu benutzen  |b n  |2 rdamedia 
338 |a Band  |b nc  |2 rdacarrier 
500 |a Quellen- und Literaturverzeichnis Seite 347-[352] 
648 7 |a Geschichte 1890-1914  |2 gnd 
773 0 8 |q 11  |w (DE-603)541759736 
924 0 |9 Mb 50  |a (DE-603)1337391875  |b DE-Mb50  |c HES  |d c  |g 26.00555 
924 0 |9 2080  |a (DE-603)133756740X  |b DE-2080  |c HES  |d d  |g /